Tridsaťpäť rokov vo výskume, vývoji a v strojárskej výrobe : Zborník referátov z medzinárodnej konferencie usporiadanej pri príležitosti stretnutia absolventov Strojníckej fakulty SVŠT, ktorí zakončili štúdium v roku 1963. Bratislava-Gabčíkovo, 19.-20.6.1998

Na minha lista:
Detalhes bibliográficos
Formato: Livro
Publicado em: Bratislava : STU v Bratislave, 1998
Assuntos:
Tags: Adicionar Tag
Sem tags, seja o primeiro a adicionar uma tag!

MARC

LEADER 00000nam a22000003a 4500
001 stu124461
005 20150408163011.4
008 060807s1998----xo----------------------d
040 |a STU  |b slo 
041 0
044 |a xo 
080 |a 621 
080 |a (063) 
245 |a Tridsaťpäť rokov vo výskume, vývoji a v strojárskej výrobe :  |b Zborník referátov z medzinárodnej konferencie usporiadanej pri príležitosti stretnutia absolventov Strojníckej fakulty SVŠT, ktorí zakončili štúdium v roku 1963. Bratislava-Gabčíkovo, 19.-20.6.1998 
260 |a Bratislava :  |b STU v Bratislave,  |c 1998 
300 |a 43 s 
650 7 |a strojárstvo  |2 stusub 
996 |b MZ 1314  |c M*Z-1314  |l MMKN  |s A  |a 24  |w stu124461_0001 
996 |b MZ 1319  |c M*Z-1319  |l MMKN  |s A  |a 24  |w stu124461_0002